000 00440nam a2200133Ia 4500
008 180412s9999||||xx |||||||||||||| ||und||
020 _a120078228
040 _aAhmadu Bello University Library - Zaria
050 _aQD 505
100 _aEley, D.D.
245 0 _aAdvances in catalysis and related subjects
_cedited by d.D. Eley, Herman Pines and Paul B. Weisz
260 _aNew York
_bAcademic Press
_c1972
300 _aVol. 22.
700 _aPines, Herman;Weisz, Paul B.
999 _c7500
_d7500